La Privatización de la educación superior y las ciencias sociales en Argentina: un estudio de las carreras de Psicología y Economía
Este libro examina algunas consecuencias poco estudiadas del proceso de cambio cultural que sufrió Argentina sobre todo a partir de la década de 1990. El trabajo se focaliza en algunas dimensiones específicas del espacio de intersección entre dos campos estrechamente vinculados: el de las ciencias s...
Guardado en:
| Autor principal: | |
|---|---|
| Formato: | Texto |
| Publicado: |
Buenos Aires :
CLACSO
|
| Materias: | |
| Etiquetas: |
Agregar Etiqueta
Sin Etiquetas, Sea el primero en etiquetar este registro!
|
MARC
| LEADER | 00000 a a2200000 04500 | ||
|---|---|---|---|
| 001 | 33649 | ||
| 003 | |||
| 040 | |||
| 020 | |a 987-1183-44-5 | ||
| 022 | |a 987-1183-44-5 | ||
| 090 | |a 0005 P729p | ||
| 100 | |a Ben Plotkin | ||
| 245 | |a La Privatización de la educación superior y las ciencias sociales en Argentina: un estudio de las carreras de Psicología y Economía | ||
| 260 | |a Buenos Aires : |b CLACSO | ||
| 300 | |a 174 p. | ||
| 520 | |a Este libro examina algunas consecuencias poco estudiadas del proceso de cambio cultural que sufrió Argentina sobre todo a partir de la década de 1990. El trabajo se focaliza en algunas dimensiones específicas del espacio de intersección entre dos campos estrechamente vinculados: el de las ciencias sociales y el universitario, en un espacio geográfico y cultural definido, la Ciudad de Buenos Aires, para intentar comprender cómo se articula la variable educación pública - educación privada con la definición de ciertas propiedades dentro de dos disciplinas: Psicología y Economía. El trabajo se realizó a partir de los resultados de una encuesta realizada en 2003 a más de 650 estudiantes que cursaban estas carreras en la Universidad de Buenos Aires y en seis universidades privadas de distinto tipo. Se analizan los cruces e interacciones entre los desarrollos recientes en el sistema de educación superior, en particular la interacción entre universidad pública y universidad privada, y los cambios producidos en el interior de los dos campos disciplinarios, delineando definiciones y redefiniciones en los sistemas de jerarquía, expectativas y propiedades sociales de los aspirantes a integrarse a los mismos | ||
| 650 | |a ARGENTINA | ||
| 650 | |a ENSEÑANZA SUPERIOR | ||
| 650 | |a PRIVATIZACION | ||
| 650 | |a CIENCIAS SOCIALES | ||
| 650 | |a PSICOLOGIA | ||
| 650 | |a ECONOMIA | ||
| 650 | |a ENSEÑANZA PRIVADA | ||
| 650 | |a EDUCACION PUBLICA | ||
| 650 | |a FORMACION PROFESIONAL | ||
| 650 | |a ANALISIS COMPARATIVO | ||
| 650 | |a ESCUELAS PRIVADAS | ||
| 650 | |a HISTORIA | ||
| 650 | |a INVESTIGACION SOCIAL | ||
| 999 | |c 13838 |d 13838 | ||



